Vítejte ve světě potravin, aneb, Chytrý průvodce údaji na potravinách /

Main Author: Chýlková, Markéta
Corporate Author: Česko. Ministerstvo zemědělství. Informační centrum bezpečnosti potravin
Language: Czech
Published: Praha : Ministerstvo zemědělství, 2019
Subjects:
Physical Description: 28 stran : barevné ilustrace ; 21 cm
Book
Saved in:
LEADER 01677nam a2200421 i 4500
001 nkc20203254133
003 CZ PrNK
005 20210813102808.0
007 ta
008 200916s2019 xr a e f 000 0 cze
015 |a cnb003254133 
020 |a 978-80-7434-513-5  |q (brožováno)  |z 978-80-7437-513-5 
035 |a (OCoLC)1204253588 
040 |a OLA001  |b cze  |e rda 
043 |a e------ 
072 7 |a 366  |x Ochrana spotřebitele. Chování spotřebitele  |2 Konspekt  |9 18 
080 |a 366.64:663/664  |2 MRF 
080 |a (4)  |2 MRF 
080 |a (036)  |2 MRF 
100 1 |a Chýlková, Markéta  |7 ola2013768136  |4 aut 
245 1 0 |a Vítejte ve světě potravin, aneb, Chytrý průvodce údaji na potravinách /  |c Markéta Chýlková 
246 3 0 |a Chytrý průvodce údaji na potravinách 
264 1 |a Praha :  |b Ministerstvo zemědělství,  |c 2019 
300 |a 28 stran :  |b barevné ilustrace ;  |c 21 cm 
336 |a text  |b txt  |2 rdacontent 
337 |a bez média  |b n  |2 rdamedia 
338 |a svazek  |b nc  |2 rdacarrier 
500 |a Pod názvem: Ministerstvo zemědělství, Informační centrum bezpečnosti potravin 
650 0 7 |a označování potravin  |7 ph137717  |z země Evropské unie  |2 czenas 
650 0 9 |a food labelling  |z European Union countries  |2 eczenas 
655 7 |a informační publikace  |7 fd132454  |2 czenas 
655 9 |a information publications  |2 eczenas 
710 1 |a Česko.  |b Ministerstvo zemědělství.  |b Informační centrum bezpečnosti potravin  |7 mzk2017957861  |4 isb 
910 2 |a BOA001  |b 2-1460.642 
990 |a BK 
995 |a 01 
991 |b 202105  |c NOV 
996 6 |b 2610856224  |c 2-1460.642  |l MZK  |r Sklad / do 1 hodiny  |n 0  |p p.v.  |w 001842436  |u 000010  |a 1  |e BOA001  |j MZK50  |s P